000 00424nam a2200181Ia 4500
005 20240921120648.0
008 240921s9999||||xx |||||||||||||| ||und||
041 _aENGLISH
082 _A624 M9
100 _aSeshagiri K K
245 0 _aBasic Civil Engineering
250 _a5th
260 _c1989
_bAnuradha,Kumbakonam
500 _aBuildings
650 _aCivil Engineering
_bCivil
942 _cBK
999 _c247256
_d247256